60 Phobias in Ten Minutes #2 - Statistics

General Stats
  • This quiz has been taken 40 times
  • The average score is 15 of 60
Answer Stats
Phobia Fear % Correct
Botanophobia Plants
73%
Octophobia 8
67%
Haemophobia Blood
67%
Equinophobia Horses
67%
Amaxophobia Cars
61%
Heliophobia The Sun
58%
Gynophobia Women
55%
Ophidiophobia Snakes
52%
Chronophobia Time
52%
Wiccaphobia Witches / Witchcraft
52%
Dentophobia Dentists
48%
Androphobia Men
48%
Papyrophobia Paper
48%
Telephobia Phones / Telephones
48%
Trypophobia Holes
42%
Podophobia Feet
39%
Entomophobia Insects / Bugs
39%
Philophobia Love
39%
Megalophobia Large Things / Big Things
36%
Tonitrophobia Thunder
36%
Chromophobia Colours / Colors
33%
Cyberphobia Computers
33%
Elurophobia Cats
30%
Herpetophobia Reptiles
27%
Leukophobia White
27%
Chionophobia Snow
24%
Ombrophobia Rain
21%
Astraphobia Storms
21%
Autophobia Loneliness / Being Alone
18%
Trypanophobia Needles
18%
Phagophobia Swallowing / Eating
18%
Iatrophobia Doctors
15%
Melanophobia Black
12%
Koumpounophobia Buttons
12%
Chirophobia Hands
12%
Venustraphobia Beautiful Women
9%
Alektorophobia Chickens
9%
Nephophobia Clouds
9%
Algophobia Pain
9%
Cacophobia Ugliness
9%
Batrachophobia Amphibians
6%
Cryophobia Coldness
6%
Koinoniphobia Crowds
6%
Samhainophobia Halloween
6%
Philematophobia Kissing
6%
Onomatophobia Names
6%
Porphyrophobia Purple
6%
Haphephobia Touch
6%
Omphalophobia Bellybuttons
3%
Chronomentrophobia Clocks
3%
Mageirocophobia Cooking
3%
Pteriodophobia Ferns
3%
Ecophobia Home
3%
Turophobia Cheese
0%
Athazagoraphobia Forgetting
0%
Barophobia Gravity
0%
Mortuusequusphobia Ketchup
0%
Chloephobia Newspapers
0%
Belonephobia Pins and Needles
0%
Bathmophobia Stairs / Slopes
0%
No matching quizzes found
Score Distribution
Percent of People with Each Score
Percentile by Number Answered
Your Score History
You have not taken this quiz